|
|
|
|
| LEADER |
00680cam a2200193 7i4500 |
| 001 |
0000050486 |
| 005 |
20170218090000.0 |
| 020 |
|
|
|a 1305094360 (pbk.)
|
| 020 |
|
|
|a 9781305094369 (pbk.)
|
| 090 |
0 |
0 |
|a HM585
|b .F46 2016
|
| 100 |
1 |
|
|a Ferrante, Joan
|
| 245 |
1 |
0 |
|a Seeing sociology :
|b an introduction
|c Joan Ferrante ; with contributions from Chris Caldeira.
|
| 250 |
|
|
|a 3rd ed.
|
| 260 |
|
|
|a Bosron, CA:
|b Cengage Learning,
|c 2016.
|
| 300 |
|
|
|a xxiv, 584 p.:
|b col. ill.;
|c 28 cm.
|
| 650 |
0 |
0 |
|a Sociology
|
| 700 |
1 |
|
|a Caldeira, Chris
|
| 997 |
|
|
|a Communication, Visual Art & Computing, Faculty
|b Communication, Department
|
| 999 |
|
|
|a 0000059165
|b BOK
|c OPEN SHELF
|e 1st Floor, Bestari Jaya
|